000
00335nam a22001577a 4500
003
SGT
020
_a
978-81-312-4885-0
082
_a
615.015
_b
B17S
100
_a
SATYANARAYANA,V.
245
_a
BIOCHEMISTRY
250
_a
5TH
260
_a
KOLKATA
_b
ELSEVIER PUB
_c
2017
300
_a
2017
650
_a
PHARMACY
942
_2
ddc
_c
BK
_0
49
999
_c
15525
_d
15525